00448nam a2200121 a 450000100100000000500170001000800410002704000250006824500610009326000950015430000210024971000560027000002678920200930030419.0110325s1981 dr 000 0 spa d aDO-SdBNPbspacBNPHU00aManual de inspección y supervisión de edificaciones. aSanto Domingo :bSecretaría de Estado de Obras Públicas y ComunicacionesbONAS,c1981. a117 P. ;c28 cm.1 aDepartamento de Normas Reglamento y Sistemas (ONAS)